000 00295 a2200145 4500
001 179833
020 _a
040 _cMagnum
100 _aAlencar, José de
240 1 0 _aO tronco do ipe
_lpor
245 1 0 _aO tronco do ipe
362 0 _a1899
697 _aMAGNITO: A/ROMANCE
942 _cBK
999 _c179833
_d179833